[Event "Europa ch s-18 femenino"]
[Site "Herceg Novi MNT"]
[Date "2008.09.18"]
[Round "4.15"]
[White "Gosciniak, Maria"]
[Black "Brandenburg, Lucia"]
[Result "1-0"]
[WhiteElo "2096"]
[BlackElo "1926"]
[PlyCount "41"]
[EventDate "2008.09.15"]
[EventType "swiss"]
[EventRounds "9"]
[Source "lmi"]
[SourceDate "2008.09.15"]

1. e4 c5 2. Nf3 d6 3. d4 cxd4 4. Nxd4 Nf6 5. Nc3 Nc6 6. Bg5 e6 7. Qd2 a6 8.
O-O-O Bd7 9. f3 h6 10. Be3 e5 11. Nf5 Bxf5 12. exf5 Ne7 13. g4 d5 14. Bf2 d4
15. Qe1 Qc7 16. Ne4 O-O-O 17. Bg3 Ned5 18. Rxd4 b5 19. Nxf6 gxf6 20. Qe4 Bc5
21. Rxd5 1-0

[Event "Europa ch s-18 femenino"]
[Site "Herceg Novi MNT"]
[Date "2008.09.18"]
[Round "4.16"]
[White "Novosadova, Kristyna"]
[Black "Dvoranova, Maria"]
[Result "0-1"]
[WhiteElo "2038"]
[BlackElo "1891"]
[PlyCount "72"]
[EventDate "2008.09.15"]
[EventType "swiss"]
[EventRounds "9"]
[Source "lmi"]
[SourceDate "2008.09.15"]

1. e4 e6 2. d4 d5 3. Nc3 Nf6 4. Bg5 Bb4 5. e5 h6 6. Bd2 Bxc3 7. bxc3 Ne4 8. Bd3
Nxd2 9. Qxd2 O-O 10. Nf3 c5 11. h4 Nc6 12. Qf4 c4 13. Be2 f6 14. Qe3 Bd7 15. h5
Qb6 16. exf6 Rxf6 17. O-O Raf8 18. Rab1 Qc7 19. Nh2 b6 20. Bg4 Ne7 21. Nf3 Nf5
22. Qe5 Qc6 23. Qe2 Qd6 24. Ne5 Be8 25. Qd2 Qa3 26. Be2 Nd6 27. Bf3 Nb5 28.
Rxb5 Bxb5 29. Qe3 Qd6 30. Re1 Be8 31. Ng4 Rf5 32. Qxe6+ Qxe6 33. Rxe6 Bxh5 34.
Ne5 Bxf3 35. gxf3 Rxf3 36. Nxf3 Rxf3 0-1

[Event "Europa ch s-18 femenino"]
[Site "Herceg Novi MNT"]
[Date "2008.09.18"]
[Round "4.17"]
[White "Exler, Veronika"]
[Black "Topic, Jelena"]
[Result "1-0"]
[WhiteElo "2011"]
[BlackElo "1866"]
[PlyCount "87"]
[EventDate "2008.09.15"]
[EventType "swiss"]
[EventRounds "9"]
[Source "lmi"]
[SourceDate "2008.09.15"]

1. e4 c5 2. c3 d5 3. exd5 Qxd5 4. d4 Nf6 5. Nf3 e6 6. a3 Nc6 7. Be3 cxd4 8.
cxd4 Be7 9. Nc3 Qd8 10. Bd3 O-O 11. O-O b6 12. Qe2 Bb7 13. Rad1 Rc8 14. Bb1 Na5
15. Ne5 Bd5 16. Nxd5 Nxd5 17. Qd3 g6 18. Bh6 Re8 19. Qf3 Bf6 20. Rc1 Bxe5 21.
dxe5 Nc4 22. Qe4 b5 23. Ba2 Ncb6 24. h4 Qd7 25. Rcd1 Qc7 26. Rfe1 Qe7 27. Rd3
Nc4 28. Re2 Rc7 29. Rg3 Rd8 30. Bg5 Qf8 31. Bxd8 Qxd8 32. h5 Kg7 33. hxg6 hxg6
34. Bb1 Ne7 35. Rd3 Qh8 36. Rh3 Qd8 37. Qh4 Qd1+ 38. Kh2 Ng8 39. Bd3 Rc5 40.
Bxc4 Rxc4 41. Re4 Rc1 42. Rf4 Qd7 43. Qh7+ Kf8 44. Qxg6 1-0

[Event "Europa ch s-18 femenino"]
[Site "Herceg Novi MNT"]
[Date "2008.09.18"]
[Round "4.21"]
[White "Vasile, Teodora"]
[Black "Veleska, Viktorija"]
[Result "1-0"]
[WhiteElo "1932"]
[BlackElo "1700"]
[PlyCount "81"]
[EventDate "2008.09.15"]
[EventType "swiss"]
[EventRounds "9"]
[Source "lmi"]
[SourceDate "2008.09.15"]

1. e4 g6 2. d4 Bg7 3. Nf3 c6 4. Nc3 d5 5. Be2 Bg4 6. exd5 cxd5 7. Ne5 Bxe2 8.
Qxe2 Qa5 9. Bd2 Nf6 10. Nb5 Qb6 11. Bb4 O-O 12. Bxe7 Re8 13. Bc5 Qa5+ 14. b4
Qd8 15. O-O b6 16. Bd6 Na6 17. Qd3 Re6 18. Qa3 Ne4 19. Qxa6 Nxd6 20. Nxd6 Qxd6
21. Qb7 Rf8 22. b5 Re7 23. Qa6 Bxe5 24. dxe5 Qxe5 25. Qa3 Rfe8 26. Qd3 d4 27.
a4 Rd8 28. h3 Qe2 29. Rad1 Kg7 30. Rd2 Qe5 31. Rfd1 Red7 32. Re2 Qc5 33. Rde1
Qb4 34. Re8 Rxe8 35. Rxe8 Qxa4 36. Qe2 Rd5 37. Qe7 Kh6 38. Qf8+ Kg5 39. h4+
Kxh4 40. Qh6+ Kg4 41. Re4+ 1-0

[Event "Europa ch s-18 femenino"]
[Site "Herceg Novi MNT"]
[Date "2008.09.18"]
[Round "4.22"]
[White "Chiarion, Elisa"]
[Black "Di Cerbo, Giulia"]
[Result "1-0"]
[WhiteElo "1897"]
[BlackElo "1795"]
[PlyCount "77"]
[EventDate "2008.09.15"]
[EventType "swiss"]
[EventRounds "9"]
[Source "lmi"]
[SourceDate "2008.09.15"]

1. e4 g6 2. d4 Bg7 3. Nf3 d6 4. Nc3 a6 5. a4 Nd7 6. Bc4 Ngf6 7. O-O O-O 8. e5
dxe5 9. dxe5 Ng4 10. e6 Nde5 11. exf7+ Kh8 12. Qe2 Nxc4 13. Qxc4 c6 14. Bf4 Bf5
15. h3 Nh6 16. Ne5 Qd6 17. Ne4 Qe6 18. Qxe6 Bxe6 19. Nc5 Bc8 20. Nc4 Nxf7 21.
Nb6 Ra7 22. Bb8 Ra8 23. Nxa8 Bf5 24. Bg3 Rxa8 25. c3 b6 26. Nb3 Nd6 27. Nd2 Rf8
28. Rfe1 Rf7 29. Bxd6 exd6 30. Nc4 Bf8 31. Nxb6 d5 32. a5 Bc5 33. b4 Bf8 34.
Na4 Bd3 35. Nc5 Bb5 36. Re8 Kg8 37. Rae1 Kg7 38. Ne6+ Kg8 39. Nd4 1-0

[Event "Europa ch s-18 femenino"]
[Site "Herceg Novi MNT"]
[Date "2008.09.18"]
[Round "4.23"]
[White "Naydenova, Yordanka"]
[Black "Kirpichenko, Ekaterina"]
[Result "1-0"]
[WhiteElo "1807"]
[BlackElo "2026"]
[PlyCount "59"]
[EventDate "2008.09.15"]
[EventType "swiss"]
[EventRounds "9"]
[Source "lmi"]
[SourceDate "2008.09.15"]

1. e4 c5 2. Nc3 a6 3. g3 Nc6 4. Bg2 g6 5. Nge2 Bg7 6. d3 e6 7. Be3 d6 8. Qd2
Rb8 9. f4 Nge7 10. d4 cxd4 11. Nxd4 Na5 12. Qd3 b5 13. Rd1 b4 14. Nce2 d5 15.
O-O O-O 16. b3 dxe4 17. Bxe4 Qc7 18. c4 bxc3 19. Nxc3 Nb7 20. Na4 Qd6 21. Nc6
Nxc6 22. Qxd6 Nxd6 23. Bxc6 Nb7 24. Bb6 a5 25. Bc7 Ra8 26. Nb6 Ra7 27. Bb8 Ra6
28. Nxc8 Nc5 29. Ne7+ Kh8 30. Bd6 1-0

[Event "Europa ch s-18 femenino"]
[Site "Herceg Novi MNT"]
[Date "2008.09.18"]
[Round "4.24"]
[White "Asgarova, Turan Nizami Qizi"]
[Black "Balcaite, Agne"]
[Result "1/2-1/2"]
[WhiteElo "2008"]
[BlackElo "1830"]
[PlyCount "60"]
[EventDate "2008.09.15"]
[EventType "swiss"]
[EventRounds "9"]
[Source "lmi"]
[SourceDate "2008.09.15"]

1. e4 c6 2. d4 d5 3. exd5 cxd5 4. c4 Nc6 5. Nf3 Nf6 6. Nc3 e6 7. a3 Be7 8. Bd3
dxc4 9. Bxc4 a6 10. O-O b5 11. Bd3 O-O 12. Be3 Bb7 13. Ne4 Nd5 14. Qd2 Nf6 15.
Nc5 Bxc5 16. dxc5 Qd5 17. Qc2 Qh5 18. Bf4 Qg4 19. Bg3 Nd4 20. Nxd4 Qxd4 21.
Rfd1 Qg4 22. Rac1 Rac8 23. Qe2 Qxe2 24. Bxe2 Ne4 25. b4 Nxg3 26. hxg3 Rfd8 27.
Rxd8+ Rxd8 28. c6 Bc8 29. Bf3 Kf8 30. Kf1 Rd3 1/2-1/2

[Event "Europa ch s-18 femenino"]
[Site "Herceg Novi MNT"]
[Date "2008.09.18"]
[Round "4.27"]
[White "Finnbogadottir, Tinna Kristin"]
[Black "Dincel, Melodi"]
[Result "0-1"]
[WhiteElo "1655"]
[BlackElo "1845"]
[PlyCount "58"]
[EventDate "2008.09.15"]
[EventType "swiss"]
[EventRounds "9"]
[Source "lmi"]
[SourceDate "2008.09.15"]

1. e4 e6 2. d4 d5 3. exd5 exd5 4. Bd3 Bd6 5. Ne2 Ne7 6. O-O Nbc6 7. c3 Bf5 8.
Bf4 Qd7 9. Re1 O-O-O 10. b4 Rde8 11. a4 Bxd3 12. Qxd3 Bxf4 13. Nxf4 Ng6 14.
Rxe8+ Rxe8 15. Ne2 Nf4 16. Nxf4 Re1+ 17. Qf1 Rxf1+ 18. Kxf1 Qf5 19. g3 g5 20.
Ne2 Qc2 21. c4 Qb2 22. Ra3 Qxb1+ 23. Kg2 Qe4+ 24. Kf1 Qh1+ 25. Ng1 dxc4 26. h3
Nxb4 27. Rc3 Qd5 28. Ne2 Nc6 29. Nc1 Qxd4 0-1

[Event "Europa ch s-18 femenino"]
[Site "Herceg Novi MNT"]
[Date "2008.09.19"]
[Round "5.2"]
[White "Wierzbicka, Wiktoria"]
[Black "Nemcova, Katerina"]
[Result "0-1"]
[WhiteElo "2033"]
[BlackElo "2372"]
[PlyCount "100"]
[EventDate "2008.09.15"]
[EventType "swiss"]
[EventRounds "9"]
[Source "lmi"]
[SourceDate "2008.09.15"]

1. e4 e5 2. Nf3 Nc6 3. Bb5 a6 4. Ba4 Nf6 5. d3 b5 6. Bb3 Bd6 7. c3 h6 8. O-O
O-O 9. Re1 Re8 10. Nbd2 Bf8 11. h3 d6 12. Nf1 Bb7 13. Ng3 Na5 14. Bc2 c5 15. d4
g6 16. d5 Nc4 17. Nh2 Bc8 18. a4 Bd7 19. Qf3 Nb6 20. a5 Nc8 21. b4 c4 22. Be3
Bg7 23. Qd1 Nh7 24. Qd2 h5 25. Ne2 Qh4 26. f4 f5 27. Nf3 Qf6 28. Ng3 exf4 29.
Bd4 Qf8 30. Qxf4 Bh6 31. Qh4 Ne7 32. Rad1 Qf7 33. Rf1 f4 34. Nh1 g5 35. Qf2 Ng6
36. Rde1 g4 37. hxg4 hxg4 38. Nd2 Ng5 39. e5 Nxe5 40. Qh4 Qg7 41. Nf2 Nh3+ 42.
Nxh3 gxh3 43. Qf2 Ng4 44. Rxe8+ Rxe8 45. Qh4 Ne5 46. Qf2 Rf8 47. Nf3 Bg4 48.
Kh2 hxg2 49. Bxe5 gxf1=N+ 50. Qxf1 dxe5 0-1

[Event "Europa ch s-18 femenino"]
[Site "Herceg Novi MNT"]
[Date "2008.09.19"]
[Round "5.4"]
[White "Fuchs, Judith"]
[Black "Kalashyan, Varduhi"]
[Result "1-0"]
[WhiteElo "2197"]
[BlackElo "2049"]
[PlyCount "51"]
[EventDate "2008.09.15"]
[EventType "swiss"]
[EventRounds "9"]
[Source "lmi"]
[SourceDate "2008.09.15"]

1. e4 c5 2. Nf3 d6 3. d4 cxd4 4. Nxd4 Nf6 5. Nc3 a6 6. Qe2 e6 7. Be3 Nbd7 8. f3
Qc7 9. g4 b5 10. g5 Nh5 11. f4 g6 12. f5 Ng7 13. O-O-O b4 14. Nd5 exd5 15. exd5
Ne5 16. f6 Bg4 17. Qe1 Bxd1 18. Kxd1 Nf5 19. Nxf5 gxf5 20. Qxb4 Qd7 21. Bxa6
Nc6 22. dxc6 Qe6 23. Re1 Be7 24. fxe7 Qd5+ 25. Bd2 Qf3+ 26. Kc1 1-0

[Event "Europa ch s-18 femenino"]
[Site "Herceg Novi MNT"]
[Date "2008.09.19"]
[Round "5.5"]
[White "Danelia, Mariam"]
[Black "Pavlidou, Ekaterini"]
[Result "1/2-1/2"]
[WhiteElo "2185"]
[BlackElo "2034"]
[PlyCount "51"]
[EventDate "2008.09.15"]
[EventType "swiss"]
[EventRounds "9"]
[Source "lmi"]
[SourceDate "2008.09.15"]

1. d4 Nf6 2. c4 e6 3. Nc3 Bb4 4. Qc2 O-O 5. a3 Bxc3+ 6. Qxc3 b6 7. Bg5 Bb7 8.
f3 d5 9. e3 h6 10. Bh4 Nbd7 11. Bd3 c5 12. cxd5 Nxd5 13. Bxd8 Nxc3 14. Be7 Rfe8
15. Bh4 Nd5 16. Bb5 g5 17. Bf2 Red8 18. Ne2 cxd4 19. Nxd4 Rac8 20. h4 Kg7 21.
hxg5 hxg5 22. Ke2 Ne5 23. Rh5 Kf6 24. f4 Ng4 25. fxg5+ Ke7 26. Rh7 1/2-1/2

[Event "Europa ch s-18 femenino"]
[Site "Herceg Novi MNT"]
[Date "2008.09.19"]
[Round "5.6"]
[White "Guadamuro Torrente, Anabel"]
[Black "Demidowicz, Maria"]
[Result "1-0"]
[WhiteElo "2105"]
[BlackElo "2032"]
[PlyCount "69"]
[EventDate "2008.09.15"]
[EventType "swiss"]
[EventRounds "9"]
[Source "lmi"]
[SourceDate "2008.09.15"]

1. e4 c5 2. Nf3 d6 3. d4 cxd4 4. Nxd4 Nf6 5. Nc3 a6 6. Be2 e5 7. Nb3 Be7 8. O-O
O-O 9. Re1 Be6 10. Bf1 Nbd7 11. Nd5 Bxd5 12. exd5 Rc8 13. c4 Nb6 14. Nd2 Ne8
15. b4 Bg5 16. Qb3 f5 17. Nf3 Bf6 18. Bb2 Kh8 19. Rac1 Nd7 20. c5 dxc5 21. Nxe5
Nxe5 22. Bxe5 Bxe5 23. Rxe5 cxb4 24. Qxb4 Qd6 25. Rxc8 Qxb4 26. Rexe8 g6 27.
Rxf8+ Kg7 28. Rfd8 Kh6 29. d6 b5 30. Rc7 Qf4 31. g3 Qe5 32. Rdd7 f4 33. gxf4
Qxf4 34. Rxh7+ Kg5 35. h4+ 1-0

[Event "Europa ch s-18 femenino"]
[Site "Herceg Novi MNT"]
[Date "2008.09.19"]
[Round "5.7"]
[White "Hortensius, Lisa"]
[Black "Traistaru, Teodora"]
[Result "0-1"]
[WhiteElo "2028"]
[BlackElo "2162"]
[PlyCount "80"]
[EventDate "2008.09.15"]
[EventType "swiss"]
[EventRounds "9"]
[Source "lmi"]
[SourceDate "2008.09.15"]

1. e4 c5 2. Nf3 d6 3. d4 cxd4 4. Nxd4 Nf6 5. Nc3 a6 6. Bc4 e6 7. Bb3 b5 8. Bg5
Be7 9. Qf3 Qb6 10. Be3 Qb7 11. a3 Nbd7 12. Nde2 Nc5 13. Ng3 h5 14. h4 b4 15.
Bxc5 dxc5 16. axb4 cxb4 17. Na2 Bd7 18. O-O Bc6 19. Rfe1 g6 20. Nc1 Ng4 21. Nd3
Bxh4 22. Rad1 Be7 23. Qe2 a5 24. f3 Qa7+ 25. Kh1 Bh4 26. Nf1 Bxe1 27. Qxe1 Nf6
28. Qh4 Qe7 29. Ne5 Bb5 30. Ne3 Nd7 31. Qh2 O-O 32. Nd3 a4 33. Bc4 Bxc4 34.
Nxc4 a3 35. bxa3 bxa3 36. Nd2 Rfc8 37. Rc1 a2 38. Nb3 Ra3 39. Ra1 Rxc2 40. Ndc1
Qb4 0-1

[Event "Europa ch s-18 femenino"]
[Site "Herceg Novi MNT"]
[Date "2008.09.19"]
[Round "5.8"]
[White "Manyoki, Anna"]
[Black "Rakic, Marija"]
[Result "1-0"]
[WhiteElo "2053"]
[BlackElo "2276"]
[PlyCount "75"]
[EventDate "2008.09.15"]
[EventType "swiss"]
[EventRounds "9"]
[Source "lmi"]
[SourceDate "2008.09.15"]

1. e4 Nf6 2. e5 Nd5 3. d4 d6 4. Nf3 Bg4 5. Be2 e6 6. O-O Be7 7. h3 Bh5 8. c4
Nb6 9. Nc3 O-O 10. Be3 Bg6 11. b3 a5 12. a3 N6d7 13. Qd2 dxe5 14. Nxe5 Nxe5 15.
dxe5 Nc6 16. Qxd8 Raxd8 17. Nb5 Rd7 18. f4 Bc2 19. Bd1 Bd3 20. Re1 a4 21. b4
Bxc4 22. Bxa4 Ra8 23. Na7 Rd3 24. Nxc6 bxc6 25. Bxc6 Ra6 26. Be4 Rdxa3 27. Rxa3
Rxa3 28. Rc1 Bb5 29. Bc5 Bh4 30. Bf2 Bxf2+ 31. Kxf2 Ra7 32. Ke3 Kf8 33. Rc5 Bd7
34. Ra5 Rxa5 35. bxa5 Bc8 36. Kd4 Ke7 37. Kc5 Ba6 38. Bc6 1-0

[Event "Europa ch s-18 femenino"]
[Site "Herceg Novi MNT"]
[Date "2008.09.19"]
[Round "5.9"]
[White "Mader, Manuela"]
[Black "Exler, Veronika"]
[Result "1-0"]
[WhiteElo "2155"]
[BlackElo "2011"]
[PlyCount "51"]
[EventDate "2008.09.15"]
[EventType "swiss"]
[EventRounds "9"]
[Source "lmi"]
[SourceDate "2008.09.15"]

1. e4 c6 2. d4 d5 3. e5 Bf5 4. Be3 e6 5. Nd2 Nd7 6. Be2 c5 7. c4 cxd4 8. Bxd4
Bc5 9. Ngf3 Ne7 10. cxd5 Nxd5 11. Bb5 Bxd4 12. Nxd4 O-O 13. Nxf5 exf5 14. Bxd7
Qxd7 15. O-O Rfd8 16. Qf3 Qe6 17. Nc4 b5 18. Na5 Nb4 19. Rad1 Rac8 20. a3 Na6
21. Nc6 Rxd1 22. Rxd1 Nc5 23. Rd6 Qa2 24. Ne7+ Kf8 25. Nxc8 Qb1+ 26. Rd1 1-0

[Event "Europa ch s-18 femenino"]
[Site "Herceg Novi MNT"]
[Date "2008.09.19"]
[Round "5.10"]
[White "Tsirulnik, Maritsa"]
[Black "Nowak, Malgorzata"]
[Result "1/2-1/2"]
[WhiteElo "2110"]
[BlackElo "2052"]
[PlyCount "94"]
[EventDate "2008.09.15"]
[EventType "swiss"]
[EventRounds "9"]
[Source "lmi"]
[SourceDate "2008.09.15"]

1. c4 e5 2. Nc3 Nf6 3. e3 Bb4 4. Nge2 Nc6 5. g3 d5 6. cxd5 Nxd5 7. Bg2 Nb6 8.
O-O O-O 9. a3 Be7 10. b4 Be6 11. d3 Qd7 12. Qc2 f5 13. Bb2 Bf6 14. Rfd1 Qf7 15.
Rd2 Bb3 16. Qc1 Rfd8 17. Qe1 Rd7 18. Nc1 Be6 19. Rb1 Rad8 20. Ba1 Be7 21. Rc2
f4 22. Bxc6 bxc6 23. exf4 exf4 24. N1e2 fxg3 25. hxg3 Rxd3 26. Nf4 Bf5 27. Nxd3
Bxd3 28. Rd2 Bxb1 29. Rxd8+ Bxd8 30. Nxb1 Nd5 31. Nd2 Bf6 32. Bxf6 Nxf6 33. Ne4
Nd5 34. Nc5 Qe7 35. Qxe7 Nxe7 36. Ne6 Nd5 37. Kg2 Nc3 38. Nxc7 Nb5 39. Ne6 Nxa3
40. Nd4 Nb5 41. Nxc6 Kf7 42. Kf3 Ke6 43. Ke4 Kd6 44. Ne5 Nc3+ 45. Kd4 Ne2+ 46.
Ke4 Nc3+ 47. Kd4 Ne2+ 1/2-1/2

[Event "Europa ch s-18 femenino"]
[Site "Herceg Novi MNT"]
[Date "2008.09.19"]
[Round "5.11"]
[White "Dvoranova, Maria"]
[Black "Gosciniak, Maria"]
[Result "1/2-1/2"]
[WhiteElo "1891"]
[BlackElo "2096"]
[PlyCount "128"]
[EventDate "2008.09.15"]
[EventType "swiss"]
[EventRounds "9"]
[Source "lmi"]
[SourceDate "2008.09.15"]

1. d4 f5 2. Bg5 h6 3. Bh4 g6 4. e4 d5 5. exf5 Bxf5 6. Bd3 Qd7 7. Nf3 Bxd3 8.
Qxd3 Qe6+ 9. Kd1 Nd7 10. Re1 Qc6 11. Nbd2 O-O-O 12. a4 g5 13. Bg3 Ngf6 14. Ne5
Nxe5 15. Bxe5 Qd7 16. h3 h5 17. Ra3 Rh6 18. Rc3 Ne8 19. Qg3 g4 20. Nb3 gxh3 21.
gxh3 e6 22. Bf4 Rh7 23. Qe3 Bb4 24. Bg5 Bxc3 25. bxc3 b6 26. Bxd8 Kxd8 27. Qxe6
Qxe6 28. Rxe6 Nd6 29. Re5 c6 30. Nd2 Kd7 31. Ke2 h4 32. Kd3 Nf7 33. Re3 b5 34.
axb5 cxb5 35. Nb3 Rh6 36. Re1 Kc6 37. Re7 Rf6 38. Ke2 a6 39. Nc5 Ng5 40. Ra7
Rf5 41. Rxa6+ Kc7 42. Ne6+ Kb7 43. Nc5+ Kc7 44. Rh6 Nxh3 45. Nd3 Ng1+ 46. Kf1
Nf3 47. Kg2 Kb7 48. Kh3 Ka7 49. Kg4 Rf8 50. Rd6 Rh8 51. Nf4 Ng1 52. Rxd5 h3 53.
Nxh3 Nxh3 54. Rxb5 Nxf2+ 55. Kf3 Nd1 56. Rc5 Nxc3 57. Kg4 Ne2 58. d5 Kb6 59.
Rc6+ Kb7 60. c4 Rc8 61. Rxc8 Kxc8 62. Kf5 Kd7 63. Ke5 Nc3 64. d6 Na4 1/2-1/2

[Event "Europa ch s-18 femenino"]
[Site "Herceg Novi MNT"]
[Date "2008.09.19"]
[Round "5.12"]
[White "Zhorzholiani, Meri"]
[Black "Mareckova, Martina"]
[Result "1/2-1/2"]
[WhiteElo "2136"]
[BlackElo "2042"]
[PlyCount "67"]
[EventDate "2008.09.15"]
[EventType "swiss"]
[EventRounds "9"]
[Source "lmi"]
[SourceDate "2008.09.15"]

1. d4 Nf6 2. c4 g6 3. Nc3 Bg7 4. e4 d6 5. Nf3 O-O 6. Be2 e5 7. O-O Nc6 8. Be3
Bd7 9. dxe5 Nxe5 10. Nxe5 dxe5 11. c5 c6 12. Qb3 Qc7 13. Bc4 Rad8 14. h3 Bc8
15. a4 Nh5 16. Rad1 Nf4 17. Ne2 Nxe2+ 18. Bxe2 Be6 19. Bc4 Rxd1 20. Rxd1 Bxc4
21. Qxc4 Rd8 22. Qb3 Rxd1+ 23. Qxd1 Bf6 24. b4 Qd8 25. Qe2 a6 26. g3 h5 27. Kg2
Qe7 28. Qd2 Qd8 29. f4 Qxd2+ 30. Bxd2 exf4 31. gxf4 Kf8 32. Kf3 Ke7 33. Be1 Ke6
34. Ke3 1/2-1/2

[Event "Europa ch s-18 femenino"]
[Site "Herceg Novi MNT"]
[Date "2008.09.19"]
[Round "5.14"]
[White "Purgar, Ivona"]
[Black "Baptista, Ana Filipa"]
[Result "0-1"]
[WhiteElo "2026"]
[BlackElo "2137"]
[PlyCount "76"]
[EventDate "2008.09.15"]
[EventType "swiss"]
[EventRounds "9"]
[Source "lmi"]
[SourceDate "2008.09.15"]

1. e4 c5 2. Nf3 d6 3. d4 cxd4 4. Nxd4 Nf6 5. Nc3 a6 6. Be3 e5 7. Nb3 Be6 8. f3
Be7 9. Qd2 O-O 10. O-O-O Nbd7 11. g4 b5 12. Kb1 Nb6 13. Qf2 Nc4 14. Bxc4 bxc4
15. Na5 Qc8 16. g5 Nd7 17. Nd5 Bd8 18. Bb6 Bxd5 19. Bxd8 Rxd8 20. exd5 Qc7 21.
Nc6 Re8 22. f4 exf4 23. Qxf4 Ne5 24. h4 c3 25. b3 Nxc6 26. dxc6 Re5 27. Rhf1 a5
28. Qc4 Rc5 29. Qf4 Rxc6 30. Rd4 Rd8 31. h5 d5 32. Qf3 Rcd6 33. Rf4 R8d7 34. h6
d4 35. Qd3 Qc5 36. Qe4 Rd5 37. hxg7 Re7 38. Qd3 Qa3 0-1

[Event "Europa ch s-18 femenino"]
[Site "Herceg Novi MNT"]
[Date "2008.09.19"]
[Round "5.15"]
[White "Braggaar, Leonore"]
[Black "Ni, Viktorija"]
[Result "0-1"]
[WhiteElo "1967"]
[BlackElo "2129"]
[PlyCount "114"]
[EventDate "2008.09.15"]
[EventType "swiss"]
[EventRounds "9"]
[Source "lmi"]
[SourceDate "2008.09.15"]

1. e4 c5 2. Nf3 e6 3. d4 cxd4 4. Nxd4 a6 5. Nc3 Qc7 6. Bd3 Nf6 7. O-O Nc6 8.
Nxc6 bxc6 9. Qe2 d5 10. a4 Bb7 11. Bd2 Be7 12. exd5 cxd5 13. Na2 O-O 14. c3 e5
15. Bg5 e4 16. Bc2 Rad8 17. Rad1 Rfe8 18. Nc1 Bc8 19. Bxf6 Bxf6 20. Bb3 Re5 21.
f4 Ree8 22. Qe3 d4 23. cxd4 Bg4 24. Ne2 Qb6 25. Bc4 Bxe2 26. Qxe2 Bxd4+ 27. Kh1
Rd6 28. b3 a5 29. Bb5 Ree6 30. Qc4 h5 31. Qc8+ Rd8 32. Qc2 h4 33. Bc4 Re7 34.
h3 Qg6 35. Qe2 Red7 36. Qe1 e3 37. Qe2 Qe4 38. Bd3 Qe7 39. Qh5 g6 40. Qe2 Bc3
41. Rg1 Rd4 42. f5 g5 43. f6 Qe5 44. Bh7+ Kf8 45. Rxd4 Bxd4 46. Rf1 Bb6 47. Rf5
Qd6 48. Rxg5 Qd1+ 49. Qxd1 Rxd1+ 50. Kh2 Bc7+ 51. g3 Ke8 52. Bf5 hxg3+ 53. Kg2
Rd2+ 54. Kf3 Rf2+ 55. Ke4 Rxf5 56. Rg8+ Kd7 57. Kxf5 e2 0-1

[Event "Europa ch s-18 femenino"]
[Site "Herceg Novi MNT"]
[Date "2008.09.19"]
[Round "5.18"]
[White "Aggeli, Eleni"]
[Black "Novosadova, Kristyna"]
[Result "0-1"]
[WhiteElo "1856"]
[BlackElo "2038"]
[PlyCount "94"]
[EventDate "2008.09.15"]
[EventType "swiss"]
[EventRounds "9"]
[Source "lmi"]
[SourceDate "2008.09.15"]

1. e4 e5 2. Nf3 Nc6 3. Bb5 a6 4. Ba4 Nf6 5. O-O Be7 6. Re1 b5 7. Bb3 d6 8. h3
Na5 9. c3 Nxb3 10. axb3 c5 11. d4 Qc7 12. d5 O-O 13. Nbd2 Ne8 14. Nf1 f5 15.
Ng3 f4 16. Nf1 g5 17. N3h2 Ng7 18. f3 h5 19. Qe2 Ra7 20. Bd2 Bd8 21. Red1 Ne8
22. Be1 Nf6 23. b4 cxb4 24. cxb4 Qh7 25. Rdc1 Bb6+ 26. Bf2 Bxf2+ 27. Qxf2 g4
28. hxg4 hxg4 29. fxg4 Nxe4 30. Qb6 Rg7 31. Rxc8 Rxc8 32. Qxa6 Rb7 33. Nd2 Nxd2
34. Qxd6 Rbc7 35. Qe6+ Qf7 36. Qxe5 Qe7 37. Re1 Qxe5 38. Rxe5 Rc1+ 39. Kf2 R8c2
40. Rf5 Rh1 41. Rxf4 Rxh2 42. Kg3 Rh6 43. g5 Rd6 44. Rd4 Rxb2 45. Kf4 Nc4 46.
Kf5 Rxb4 47. g6 Rxd5+ 0-1

[Event "Europa ch s-18 femenino"]
[Site "Herceg Novi MNT"]
[Date "2008.09.19"]
[Round "5.19"]
[White "Tonel, Giulia"]
[Black "Dincel, Melodi"]
[Result "1-0"]
[WhiteElo "1983"]
[BlackElo "1845"]
[PlyCount "57"]
[EventDate "2008.09.15"]
[EventType "swiss"]
[EventRounds "9"]
[Source "lmi"]
[SourceDate "2008.09.15"]

1. e4 e6 2. d4 d5 3. Nd2 c5 4. exd5 exd5 5. Ngf3 a6 6. Be2 c4 7. O-O Bd6 8. Ne5
Ne7 9. f4 O-O 10. a4 f6 11. Ng4 Nbc6 12. c3 Bd7 13. b3 b5 14. Ba3 Bxa3 15. Rxa3
b4 16. cxb4 Nxd4 17. bxc4 Qb6 18. Kh1 Qxb4 19. Ra2 Nxe2 20. Qxe2 Rfe8 21. Qf3
dxc4 22. Rb1 Qc5 23. Rc1 Bc6 24. Qc3 Qh5 25. Ne3 Rad8 26. Ndxc4 Ng6 27. Rf1 Kh8
28. Rd2 Rxd2 29. Qxd2 1-0

[Event "Europa ch s-18 femenino"]
[Site "Herceg Novi MNT"]
[Date "2008.09.19"]
[Round "5.20"]
[White "Dirksen, Marieke"]
[Black "Naydenova, Yordanka"]
[Result "1-0"]
[WhiteElo "1933"]
[BlackElo "1807"]
[PlyCount "141"]
[EventDate "2008.09.15"]
[EventType "swiss"]
[EventRounds "9"]
[Source "lmi"]
[SourceDate "2008.09.15"]

1. e4 e5 2. Nf3 Nc6 3. Bb5 a6 4. Ba4 Nf6 5. O-O Be7 6. Re1 b5 7. Bb3 d6 8. c3
O-O 9. h3 Na5 10. Bc2 c5 11. d4 Qc7 12. Nbd2 Nc6 13. d5 Nd8 14. a4 Rb8 15. axb5
axb5 16. Nf1 Ne8 17. Ng3 g6 18. Nh2 Ng7 19. Rf1 Bh4 20. Ne2 f5 21. f4 Nf7 22.
Nf3 Bf6 23. fxe5 Nxe5 24. Nxe5 Bxe5 25. Be3 Re8 26. Rf3 fxe4 27. Bxe4 Nf5 28.
Bf2 Qe7 29. Bd3 Nh4 30. Bxh4 Qxh4 31. Ra7 c4 32. Bc2 Bb7 33. Qd2 Qd8 34. Kh1
Qb6 35. Ra1 Qc5 36. Rd1 Rf8 37. Be4 Rbe8 38. Rdf1 Bg7 39. Rxf8+ Bxf8 40. Ng3
Bg7 41. Qg5 Qc7 42. Bxg6 hxg6 43. Qxg6 Rf8 44. Nf5 Bxd5 45. Rf4 Qd7 46. Kg1
Qa7+ 47. Kh2 Qd7 48. Nxg7 Qxg7 49. Rxf8+ Kxf8 50. Qxd6+ Qe7 51. Qxd5 Qc7+ 52.
Kh1 Qa5 53. Qc5+ Kf7 54. Kh2 Qd8 55. Qf5+ Kg7 56. Qe5+ Kf7 57. Qe2 Qd6+ 58. g3
Qd5 59. h4 Qf5 60. Kg2 Kg7 61. Qe7+ Kh8 62. Qe2 Kg7 63. Qf2 Qe4+ 64. Kh2 Kg8
65. h5 Qg4 66. Qc5 Qe2+ 67. Kh3 Qxb2 68. Qg5+ Kh7 69. Qg6+ Kh8 70. Qf6+ Kh7 71.
h6 1-0

[Event "Europa ch s-18 femenino"]
[Site "Herceg Novi MNT"]
[Date "2008.09.19"]
[Round "5.27"]
[White "Kirpichenko, Ekaterina"]
[Black "Farevaag, Evy"]
[Result "1-0"]
[WhiteElo "2026"]
[BlackElo "1771"]
[PlyCount "81"]
[EventDate "2008.09.15"]
[EventType "swiss"]
[EventRounds "9"]
[Source "lmi"]
[SourceDate "2008.09.15"]

1. e4 e6 2. Nc3 d5 3. Nf3 d4 4. Ne2 c5 5. c3 Nc6 6. cxd4 Nf6 7. e5 Nd7 8. dxc5
Ndxe5 9. Nxe5 Nxe5 10. d4 Bxc5 11. Qa4+ Bd7 12. Qb3 Qa5+ 13. Bd2 Bb4 14. Bxb4
Qxb4+ 15. Qxb4 Nd3+ 16. Kd2 Nxb4 17. Nc3 O-O 18. a3 Nc6 19. Ke3 Rfe8 20. Bb5 a6
21. Bxc6 Bxc6 22. f3 Rad8 23. Rhd1 Bd5 24. Rd2 Bb3 25. Ne4 Bd5 26. Rad1 Bb3 27.
Rc1 Rc8 28. Rc5 Rxc5 29. dxc5 Bd5 30. b4 Rd8 31. Nc3 Kf8 32. Nxd5 exd5 33. Kd4
f6 34. Re2 Kf7 35. a4 Rd7 36. b5 Rd8 37. bxa6 bxa6 38. c6 Rd6 39. Kc5 Re6 40.
Rxe6 Kxe6 41. Kb6 1-0